[Event "RE-2016-0-00178"]
[Site "LSS email"]
[Date "2016.11.03"]
[Round "?"]
[White "Obrien, Glenn"]
[Black "Ross, Charles"]
[Result "1-0"]
[WhiteElo "1326"]
[BlackElo "1365"]
[PlyCount "33"]
[EventDate "2016.07.16"]
[EventType "tourn (corr)"]
[EventRounds "6"]
[EventCountry "GER"]
[SourceTitle "Corr 2022"]
[Source "ChessBase"]
[SourceDate "2021.10.24"]
[SourceVersion "1"]
[SourceVersionDate "2021.10.24"]
[SourceQuality "1"]

1. e4 e5 2. Nf3 Nc6 3. Bb5 a6 4. Ba4 Nf6 5. 0-0 Nxe4 6. d4 b5 7. Bb3 d5 8. dxe5 Be6 9. Nbd2 Nc5 10. c3 Be7 11. Bc2 Bg4 12. Re1 Qd7 13. Nf1 Rd8 14. Ne3 Bh5 15. b4 Ne6 16. g4 Bg6 17. Nf5 1-0

[Event "RE-2016-0-00178"]
[Site "LSS email"]
[Date "2016.11.01"]
[Round "?"]
[White "Kolanek, Sylwia"]
[Black "Ross, Charles"]
[Result "1-0"]
[WhiteElo "800"]
[BlackElo "1365"]
[PlyCount "41"]
[EventDate "2016.07.16"]
[EventType "tourn (corr)"]
[EventRounds "6"]
[EventCountry "GER"]
[SourceTitle "Corr 2022"]
[Source "ChessBase"]
[SourceDate "2021.10.24"]
[SourceVersion "1"]
[SourceVersionDate "2021.10.24"]
[SourceQuality "1"]

1. d4 d5 2. c4 e6 3. Nf3 c5 4. cxd5 exd5 5. Nc3 Nc6 6. dxc5 d4 7. Na4 Bxc5 8. Nxc5 Qa5+ 9. Bd2 Qxc5 10. b4 Nxb4 11. Rc1 Qd6 12. e3 d3 13. Nd4 Nc6 14. Nxc6 bxc6 15. Bc3 d2+ 16. Qxd2 Qxd2+ 17. Kxd2 f6 18. Bc4 Ne7 19. e4 Bb7 20. Ke3 0-0-0 21. Ba5 1-0

[Event "RE-2012-0-00088"]
[Site "LSS email"]
[Date "2012.01.28"]
[Round "?"]
[White "Ross, Charles"]
[Black "Slavin, Pablo"]
[Result "0-1"]
[WhiteElo "1249"]
[BlackElo "1171"]
[PlyCount "54"]
[EventDate "2012.01.05"]
[EventType "tourn (corr)"]
[EventRounds "6"]
[EventCountry "GER"]
[SourceTitle "Telechess CBM 153"]
[Source "ChessBase"]
[SourceDate "2013.03.14"]
[SourceVersion "1"]
[SourceVersionDate "2013.03.14"]
[SourceQuality "1"]

1. e4 e6 2. d4 d5 3. Nc3 Bb4 4. e5 c5 5. a3 Bxc3+ 6. bxc3 Ne7 7. Qg4 Qc7 8. Qxg7 Rg8 9. Qxh7 cxd4 10. Ne2 dxc3 11. f4 b6 12. Ng3 Qc5 13. Rb1 Ba6 14. Bxa6 Nxa6 15. Qd3 Nc7 16. a4 Qc6 17. Ra1 Rc8 18. 0-0 d4 19. Ne4 Rg6 20. Nf6+ Kf8 21. g3 Nf5 22. Qf3 Qxf3 23. Rxf3 Kg7 24. Kh1 Rh8 25. Kg1 Ne8 26. Ne4 Nc7 27. Ba3 Nd5 0-1

[Event "OP-2012-0-02020"]
[Site "LSS email"]
[Date "2012.01.23"]
[Round "?"]
[White "Ross, Charles"]
[Black "Raines, David T"]
[Result "1-0"]
[WhiteElo "1249"]
[BlackElo "1060"]
[PlyCount "31"]
[EventDate "2012.01.20"]
[EventType "tourn (corr)"]
[EventRounds "4"]
[EventCountry "GER"]
[SourceTitle "Corr 2015"]
[Source "ChessBase"]
[SourceDate "2015.07.17"]
[SourceVersion "1"]
[SourceVersionDate "2015.07.17"]
[SourceQuality "1"]

1. e4 c6 2. d4 d5 3. exd5 cxd5 4. c4 Nf6 5. Nc3 e6 6. Nf3 Nc6 7. a3 Be7 8. c5 a6 9. Bd3 0-0 10. 0-0 Qc7 11. Re1 Rd8 12. b4 e5 13. dxe5 Ng4 14. Nxd5 Qb8 15. Nxe7+ Nxe7 16. Bxh7+ 1-0